Ozzie and summer sun (Record no. 48827)

MARC details
000 -LÍDER
campo de controle de tamanho fixo 00306 a2200133 4500
001 - NÚMERO DE CONTROLE
campo de controle 48827
040 ## - FONTE DA CATALOGAÇÃO
Instituição que transcreveu o registro Anchieta - Bela Vista
100 ## - ENTRADA PRINCIPAL--NOME PESSOAL
Nome pessoal Bentley, Marla
240 10 - TÍTULO UNIFORME
Título uniforme Ozzie and summer sun
Idioma da obra eng
245 10 - TÍTULO
Título Ozzie and summer sun
300 ## - DESCRIÇÃO FÍSICA
Extensão 24
650 #4 - ASSUNTO--TERMO TÓPICO
Cabeçalho tópico ou nome geográfico Literatura infantil em inglês
942 ## - ELEMENTOS DE ENTRADA ADICIONADOS (KOHA)
Tipo de material Koha Livros
Holdings
Situação do descarte Situação das perdas Situação física Não pode ser emprestado Biblioteca de origem Biblioteca atual Data de aquisição Total de empréstimos Número de chamada completo Código de barras Data de último acesso Data do preço efetivo Tipo de material Koha
        Colégio Anchieta - Bela Vista Colégio Anchieta - Bela Vista 21/11/2023   LI 028.573 B477o BEN OZZ 1057/BEL 21/11/2023 21/11/2023 Livros